Catálogo
 En Linea

Fundamentos matematicos de la logica formal. (Registro nro. 10536)

Detalles MARC
000 -CABECERA
campo de control de longitud fija 00732cam a22002291 4500
001 - NÚMERO DE CONTROL
campo de control 000010784
005 - FECHA Y HORA DE LA ÚLTIMA TRANSACCIÓN
campo de control 20200929162307.0
008 - DATOS DE LONGITUD FIJA--INFORMACIÓN GENERAL
campo de control de longitud fija 780912s1963 ve 000 0 spa
010 ## - NÚMERO DE CONTROL DE LA BIBLIOTECA DEL CONGRESO
Número de control de LC 65041901
035 ## - NÚMERO DE CONTROL DEL SISTEMA
Número de control de sistema (OCoLC)4218491
040 ## - FUENTE DE LA CATALOGACIÓN
Centro catalogador/agencia de origen DO-SdBNP
Centro/agencia transcriptor NmLcU
Centro/agencia modificador DLC
042 ## - CÓDIGO DE AUTENTICACIÓN
Código de autenticación premarc
050 00 - SIGNATURA TOPOGRÁFICA DE LA BIBLIOTECA DEL CONGRESO
Número de clasificación BC135
Número de documento/Ítem .S2
100 2# - ENTRADA PRINCIPAL--NOMBRE DE PERSONA
Nombre de persona Sanchez-Mazas, Miguel.
9 (RLIN) 26041
245 10 - MENCIÓN DE TÍTULO
Título Fundamentos matematicos de la logica formal.
260 ## - PUBLICACIÓN, DISTRIBUCIÓN, ETC.
Lugar de publicación, distribución, etc. [Caracas] :
Nombre del editor, distribuidor, etc. Universidad Central de Venezuela,
Fecha de publicación, distribución, etc. [1963].
300 ## - DESCRIPCIÓN FÍSICA
Extensión 142 p. ;
Dimensiones 21 cm.
490 0# - MENCIÓN DE SERIE
Mención de serie Coleccion Temas
500 ## - NOTA GENERAL
Nota general Ediciones de la Biblioteca de la Universidad Central de Venezuela.
650 #0 - PUNTO DE ACCESO ADICIONAL DE MATERIA--TÉRMINO DE MATERIA
Término de materia o nombre geográfico como elemento de entrada Logic, symbolic and mathematical.
9 (RLIN) 26042
910 ## - DATOS DE OPCIÓN DEL USUARIO (OCLC)
Datos de opción del usuario Catalogación por copia / LC
Existencias
Estado de retiro Estado de pérdida Restricciones de uso No para préstamo Código de colección Localización permanente Ubicación/localización actual Ubicación en estantería Fecha de adquisición Número de inventario Total de préstamos Signatura topográfica completa Código de barras Fecha visto por última vez Precio válido a partir de Tipo de ítem Koha
    Préstamo interno Préstamo restrigido Monografías: Libros y Folletos General General En encuadernación 09.10.2009 LF1   10784-10 25.06.2020 25.06.2020 Préstamo interno

Con tecnología Koha